00693 a2200169 4500003000500000005001700005020001500022040000900037082001400046100002200060245005400082250001100136260005200147300003100199505026300230650003000493Nust20221111113944.0 a0030765765 cNust a512.5,GRO aGrossman, Stanley aElementary Linear Algebra / cStanley I. Grossman a4th ed aBelmont, Calif.b: Wadsworth Pub. Coc., c1980. ax, 387 p. :bill. ; 24 cm. aSystems of Linear Equations and Matrices (Page-1), Determinants (Page-110), Vectors in R2 and R3 (Page-154), Vector Spaces (Page-211), Linear Transformations (Page-330), Eigenvalues, Eigenvectors, and Canonical forms (Page-386), Numerical Method (Page-465),  aElementary linear algebra